| 000 | 00426nam a22001697a 4500 | ||
|---|---|---|---|
| 999 |
_c526574 _d526574 |
||
| 003 | NUST | ||
| 020 | _qPaperback | ||
| 038 | _aM. Shaban | ||
| 082 |
_a891.4913 _bJAN |
||
| 100 |
_aJinder _917585 |
||
| 245 |
_aTusien nahien samjh sakdai / _cJinder |
||
| 260 |
_aLahore : _bScheet Publications, _c1998. |
||
| 300 | _a126 p. ; | ||
| 880 | _6جِندر | ||
| 880 | _6تُسیں نہیں سمجھ سکدے / | ||
| 942 |
_2ddc _cBK |
||